[Event "World Cup"]
[Site "Rotterdam"]
[Date "1989.??.??"]
[Round "?"]
[White "Sokolov, Andrei"]
[Black "Vaganian, Rafael A"]
[Result "1/2-1/2"]
[WhiteElo "2605"]
[BlackElo "2600"]

1.e4 e6 2.d4 d5 3.Nd2 c5 4.exd5 exd5 5.Ngf3 Nc6 6.Bb5 Bd6 7.dxc5 Bxc5 8.O-O Ne7
9.Nb3 Bd6 10.Re1 O-O 11.Bd3 h6 12.h3 Bf5 13.Be3 Re8 14.Bc5 Bxc5 15.Nxc5 Qb6
16.Bxf5 Qxc5  1/2-1/2